000 01462cas a2200349 a 4500
999 _c9909
_d9909
001 9909
003 BD-JhCC
005 20180403122753.0
008 180403d19911997nyuar 0 a0eng c
022 0 _a1057-4557
035 _a(OCoLC)ocm22474859
_a(BD-JhCC)9909
040 _aJED
_cJED
_dSDL
_dIBI
_dIUL
_dWAU
_dHUL
_dNSD
_dNST
_dELM
_dNYG
_dNST
_dHUL
_dNST
_dDLC
_dMYG
_dHUL
_dDLC
_dNSD
_dIUL
_dNLGGC
_dFMO
_dOCLCQ
_dGBVCP
_dOCLCF
_dOCLCO
_dBD-JhCC
041 _aeng
050 0 0 _aAG243
_b.G87
082 1 0 _a031
_212
_bGUI 1997
245 0 4 _aThe Guinness book of records 1998 /
_c1997 Guinness Publishing Ltd.
260 _aNew York :
_bFacts on File,
_c1997.
300 _a352 p. :
_bill. ;
_c30 cm.
515 _aIssue for 1991-1996 called also 29th US ed.-35th ed.
580 _aIssued also in a London edition.
650 0 _aWorld records
_vPeriodicals.
650 0 _aCuriosities and wonders
_vPeriodicals.
650 1 7 _aRecords.
650 7 _aCuriosities and wonders.
650 7 _aWorld records.
655 7 _aPeriodicals.
_2fast
710 _a1997 Guinness Publishing Ltd.
785 0 0 _tGuinness book of world records (Stamford, Conn.)
_w(DLC)sn 96038304
_w(OCoLC)35914199
942 _2ddc
_cBK